Szczegóły MARC21

Histoire : classe de seconde : de l'ancienne France a la fin du XIX siècle /

005 -DATA I CZAS OSTATNIEJ MODYFIKACJI [,]
    • @
    • pole kontrolne
    • 20070315155141.9
020 -Międzynarod. znormalizowany nr książki - ISBN [ , ]
    • a
    • Numer ISBN
    • 2218076480 Find
040 -Instytucja sporządzająca opis [ , ]
    • a
    • Instytucja, która sporządziła opis (NP)
    • SZCZ U
    • c
    • Instytucja, która sporządziła rekord (NP)
    • SZCZ U
041 -Język dokumentu [0, ]
    • a
    • Język tekstu (P)
    • francuski
    • h
    • Język tekstu oryginalnego i/lub pośredniego (P)
    • francuski
942 -Rodzaj dokumentu [ , ]
    • c
    • Rodzaj dokumentu
    • Książka
245 -Strefa tytułu i oznaczenia odpowiedzialności [0, ]
    • a
    • Tytuł
    • Histoire : Find
    • b
    • Ciąg dalszy tytułu (NP)
    • classe de seconde : de l'ancienne France a la fin du XIX siècle / Find
    • c
    • Pozostałe elementy strefy tytułu i oznaczenia odpowiedzialności (NP)
    • sous la dir. de Serge Berstein et Pierre Milza.
260 -Strefa adresu wydawniczego [ , ]
    • a
    • Miejsce wydania (P)
    • Paris :
    • b
    • Nazwa wydawcy (P)
    • Hatier,
    • c
    • Data wydania (P)
    • cop.1987.
300 -Strefa opisu fizycznego [ , ]
    • a
    • Określenie formy książki i/lub objętość (NP)
    • 383 s. :
    • b
    • Oznaczenie ilustracji (NP)
    • il., fot., mapy :
    • c
    • Format (NP)
    • 28 cm.
080 -Uniwersalna Klasyfikacja Dziesiętna [ , ]
    • a
    • Symbol klasyfikacji
    • 944"17/18"(075.3)(02.025.2)=40
080 -Uniwersalna Klasyfikacja Dziesiętna [ , ]
    • a
    • Symbol klasyfikacji
    • +94(075.3)(02.025.2)=40
980 -Symbol UKD [ , ]
    • a
    • UKD
    • 944"17/18"+94](075.3)(02.025.2)=40
700 -Hasło dodatkowe - nazwa osobowa [ , ]
    • a
    • Nazwa osobowa (NP)
    • Berstein Serge Find
    • d
    • Daty biograficzne (NP)
    • red.
920 -ISBN [ , ]
    • a
    • ISBN
    • 2-218-07648-0 Find
Sygnatura Numer inwentarzowy Status udost. Data inwentaryzacji Lokalizacja
FR. Historia Francji 06A.455811996-10-01BM